GPS : a case study in generality and problem solving /
Se describe el programa GPS (General Problem Solver).
Guardado en:
| Autor Principal: | |
|---|---|
| Otros Autores: | |
| Formato: | Libro |
| Idioma: | English |
| Publicado: |
New York :
Academic Press,
1969.
|
| Series: | ACM monograph series
|
| Materias: | |
| Etiquetas: |
Agregar Etiqueta
Sin Etiquetas, Sea el primero en etiquetar este registro!
|
| LEADER | 00784cam a22002175 4500 | ||
|---|---|---|---|
| 001 | MAT.inmabb002080 | ||
| 008 | 690806s1969####nyua#####b####001#0#eng#d | ||
| 005 | 20170607172033.0 | ||
| 245 | 1 | 0 | |a GPS : |b a case study in generality and problem solving / |c George W. Ernst, Allen Newell. |
| 260 | |a New York : |b Academic Press, |c 1969. | ||
| 300 | |a x, 297 p. : |b il. ; |c 24 cm. | ||
| 440 | 0 | |a ACM monograph series | |
| 500 | |a Una revisión de la tesis doctoral de G. Ernst, Carnegie Institute of Technology, 1966. | ||
| 504 | |a Bibliografía: p. 290-294. | ||
| 520 | |a Se describe el programa GPS (General Problem Solver). | ||
| 100 | 1 | |a Ernst, George W. | |
| 700 | 1 | |a Newell, Allen. | |
| 084 | |a 68T20 |2 msc2000 | ||
| 630 | 0 | 0 | |a GPS. |
| 010 | |a 69012276 | ||
| 859 | |h 68 |i Er71 |p A-3733 |b BIB. MATEMATICA | ||
